<?xml version="1.0" encoding="UTF-8"?>
<record
    xmlns:xsi="http://www.w3.org/2001/XMLSchema-instance"
    xsi:schemaLocation="http://www.loc.gov/MARC21/slim http://www.loc.gov/standards/marcxml/schema/MARC21slim.xsd"
    xmlns="http://www.loc.gov/MARC21/slim">

  <leader>03558nam a2200457Ii 4500</leader>
  <controlfield tag="001">DIGIBE0414</controlfield>
  <controlfield tag="003">NyNyDIG</controlfield>
  <controlfield tag="006">m     o  d        </controlfield>
  <controlfield tag="007">cr |||||||||||</controlfield>
  <controlfield tag="008">130201s2005    sp a    ob    000 0 spa d</controlfield>
  <datafield tag="020" ind1=" " ind2=" ">
    <subfield code="a">9783865278135</subfield>
    <subfield code="q">(eBook)</subfield>
  </datafield>
  <datafield tag="020" ind1=" " ind2=" ">
    <subfield code="z">9788484892113</subfield>
    <subfield code="q">(Iberoamericana) </subfield>
  </datafield>
  <datafield tag="020" ind1=" " ind2=" ">
    <subfield code="z">8484892115</subfield>
    <subfield code="q">(Iberoamericana) </subfield>
  </datafield>
  <datafield tag="020" ind1=" " ind2=" ">
    <subfield code="z">3865272320</subfield>
    <subfield code="q">(Vervuert) </subfield>
  </datafield>
  <datafield tag="020" ind1=" " ind2=" ">
    <subfield code="z">9783865272324</subfield>
    <subfield code="q">(Vervuert) </subfield>
  </datafield>
  <datafield tag="035" ind1=" " ind2=" ">
    <subfield code="a">(OCoLC)892430388</subfield>
  </datafield>
  <datafield tag="040" ind1=" " ind2=" ">
    <subfield code="a">DGITA</subfield>
    <subfield code="b">eng</subfield>
    <subfield code="e">pn</subfield>
    <subfield code="c">DGITA</subfield>
  </datafield>
  <datafield tag="043" ind1=" " ind2=" ">
    <subfield code="a">cl-----</subfield>
  </datafield>
  <datafield tag="050" ind1="1" ind2="4">
    <subfield code="a">HQ1460.5 eBook</subfield>
  </datafield>
  <datafield tag="245" ind1="0" ind2="3">
    <subfield code="a">El salto de Minerva :</subfield>
    <subfield code="b">intelectuales, g&#xE9;nero y Estado en Am&#xE9;rica Latina /</subfield>
    <subfield code="c">Mabel Mora&#xF1;a y Mar&#xED;a Rosa Olivera-Williams, eds.</subfield>
  </datafield>
  <datafield tag="264" ind1=" " ind2="1">
    <subfield code="a">Madrid :</subfield>
    <subfield code="b">Iberoamericana ;</subfield>
    <subfield code="a">Frankfurt am Main :</subfield>
    <subfield code="b">Vervuert,</subfield>
    <subfield code="c">2005.</subfield>
  </datafield>
  <datafield tag="300" ind1=" " ind2=" ">
    <subfield code="a">1 online resource (342 pages) :</subfield>
    <subfield code="b">ill.</subfield>
  </datafield>
  <datafield tag="336" ind1=" " ind2=" ">
    <subfield code="a">text</subfield>
    <subfield code="b">txt</subfield>
    <subfield code="2">rdacontent</subfield>
  </datafield>
  <datafield tag="337" ind1=" " ind2=" ">
    <subfield code="a">computer</subfield>
    <subfield code="b">c</subfield>
    <subfield code="2">rdamedia</subfield>
  </datafield>
  <datafield tag="338" ind1=" " ind2=" ">
    <subfield code="a">online resource</subfield>
    <subfield code="b">cr</subfield>
    <subfield code="2">rdacarrier</subfield>
  </datafield>
  <datafield tag="490" ind1="1" ind2=" ">
    <subfield code="a">Colecci&#xF3;n Nexos y diferencias ;</subfield>
    <subfield code="v">14.</subfield>
  </datafield>
  <datafield tag="504" ind1=" " ind2=" ">
    <subfield code="a">Includes bibliographical references.</subfield>
  </datafield>
  <datafield tag="505" ind1="0" ind2=" ">
    <subfield code="a">Introducci&#xF3;n:; El salto de Minerva: intelectuales, g&#xE9;nero y Estado / Mar&#xED;a Rosa Olivera-Williams -- Intelectuales, g&#xE9;nero y Estado: nuevos dise&#xF1;os / Mabel Mora&#xF1;a -- Lenguas del amor AC-DC / Doris Sommer -- El silencio, la palabra y la construcci&#xF3;n de lo femenino -- Entre cuatro palabras: notas sobre encierros y vac&#xED;os / Mar&#xED;a Cristina Iglesia -- "En mi jard&#xED;n no pastan los h&#xE9;roes": (im)posturas del poder en la obra de Dulce Mar&#xED;a Loynaz / Elzbieta Sklodowska -- Dar la cara. Rostridad y relato materno en El desierto y su semilla de Jorge Bar&#xF3;n Biza / Nora Dom&#xED;nguez -- Los cuerpos del trabajo, el trabajo de los cuerpos. Carolina Muzilli: archivos en disputa / Adriana J. Bergero -- Vigencia de Nellie Campobello / Margo Glantz -- De exhibiciones y despojos: reflexiones sobre el patrimonio nacional a principios del siglo XX / Sylvia Molloy -- Diversidad, multiculturalismo y diferencia en la Argentina del Centenario: Los gauchos jud&#xED;os de Alberto Gerchunoff / M&#xF3;nica Szurmuk -- Los hechizos de Eva Per&#xF3;n: del cuerpo embalsamado al cuerpo n&#xF3;mada. Santa Evita de Tom&#xE1;s Eloy Mart&#xED;nez / Alicia Ortega Caicedo -- Reina, santa, fantasma: la representaci&#xF3;n del cuerpo de Eva Per&#xF3;n -- Selva M&#xE1;rquez: la ciudad del tiempo en cautiverio / Tatiana Oro&#xF1;o -- La hermandad ansiosa / Diana Sorensen -- Patolog&#xED;as posmodernas: reflexiones sobre los poderes de la abyecci&#xF3;n en S&#xF3;lo los elefantes encuentran mandr&#xE1;gora de Armon&#xED;a Somers / Dianna C. Niebylski -- Los imaginarios planetarios / Mary Louise Pratt -- Virgenes en fuga: pasi&#xF3;n y escritura en tiempos de globalizaci&#xF3;n / Mar&#xED;a Rosa Olivera-Williams -- El mercado de las confesiones. Lo p&#xFA;blico y lo privado en los testimonios de M&#xF3;nica Madariaga, Gladys Mar&#xED;n y Clara Szczaranski -- En el interior del imperio / Jean Franco -- Postcriptum:; Pensar el cuerpo, politizar el g&#xE9;nero / Mabel Mora&#xF1;a.</subfield>
  </datafield>
  <datafield tag="650" ind1=" " ind2="0">
    <subfield code="a">Women intellectuals</subfield>
    <subfield code="z">Latin America.</subfield>
  </datafield>
  <datafield tag="650" ind1=" " ind2="0">
    <subfield code="a">Women in public life</subfield>
    <subfield code="z">Latin America.</subfield>
  </datafield>
  <datafield tag="650" ind1=" " ind2="0">
    <subfield code="a">Women and literature</subfield>
    <subfield code="z">Latin America.</subfield>
  </datafield>
  <datafield tag="655" ind1=" " ind2="0">
    <subfield code="a">Electronic books.</subfield>
  </datafield>
  <datafield tag="700" ind1="1" ind2=" ">
    <subfield code="a">Mora&#xF1;a, Mabel.</subfield>
  </datafield>
  <datafield tag="700" ind1="1" ind2=" ">
    <subfield code="a">Olivera-Williams, Mar&#xED;a Rosa.</subfield>
  </datafield>
  <datafield tag="791" ind1="2" ind2=" ">
    <subfield code="a">Digitalia (Firm),</subfield>
    <subfield code="e">distributor.</subfield>
  </datafield>
  <datafield tag="830" ind1=" " ind2="0">
    <subfield code="a">Colecci&#xF3;n Nexos y diferencias ;</subfield>
    <subfield code="v">no. 14.</subfield>
  </datafield>
  <datafield tag="793" ind1="0" ind2=" ">
    <subfield code="g">Digitalia eBook Collection:</subfield>
    <subfield code="a">Iberoamericana/Vervuert.</subfield>
  </datafield>
  <datafield tag="856" ind1="4" ind2="0">
    <subfield code="3">Digitalia Hisp&#xE1;nica</subfield>
    <subfield code="u">https://www.digitaliapublishing.com/a/17697/</subfield>
  </datafield>
  <datafield tag="910" ind1=" " ind2=" ">
    <subfield code="a">Premium Collection: 2007-2012</subfield>
  </datafield>
  <datafield tag="942" ind1=" " ind2=" ">
    <subfield code="c">RAA</subfield>
  </datafield>
  <datafield tag="952" ind1=" " ind2=" ">
    <subfield code="0">0</subfield>
    <subfield code="1">0</subfield>
    <subfield code="4">0</subfield>
    <subfield code="7">0</subfield>
    <subfield code="8">DEH</subfield>
    <subfield code="a">BD-UIN</subfield>
    <subfield code="b">BD-UIN</subfield>
    <subfield code="d">2025-04-25</subfield>
    <subfield code="l">0</subfield>
    <subfield code="r">2025-04-25</subfield>
    <subfield code="w">2025-04-25</subfield>
    <subfield code="y">RAA</subfield>
  </datafield>
  <datafield tag="999" ind1=" " ind2=" ">
    <subfield code="c">235516</subfield>
    <subfield code="d">235516</subfield>
  </datafield>
</record>
